000 00933nam a2200193 4500
999 _c63803
_d63803
003 Ge_BSU
005 20260116144343.0
008 260116s1971 ge ||||| |||| 00| 0 geo d
041 _ageo
080 _a908(479.22) :327 მ-74
100 _aმიქელაძე, ირაკლი
_94712
245 _aსაქართველოს სსრ მეცხრე ხუთწლედში /
_cირაკლი მიქელაძე.
264 _aთბილისი :
_b საქართველოს კპ ცკ-ის გამ-ბა,
_c1971.
300 _a68 გვ. ;
_b20 სმ.
653 _aკომუნისტური მშენებლობა საქართველოში
653 _aსაქართველოს ეკონომიკა
653 _aსაქართველოს საგარეო პოლიტიკა
942 _2udc
_cᲬᲘᲒᲜᲘ